00399nam a2200133 a 4500008004100000050001600041100001400057245007600071246004300147260003100190300002100221350000900242700001400251080109s1986 ||||||||||||||||| || u aQ 181.3 Map aLaw, John10aMapping the dynamics of science and technologycedited by Michel Callon asociology of science in the real world aHampshirebMacmillanc1986 axvii, 242p : ill a0.00 aRip, Arie